The cowboy builder (Record no. 105550)
[ view plain ]
| 000 -LEADER | |
|---|---|
| fixed length control field | 01310cam a2200205 4500 |
| 001 - CONTROL NUMBER | |
| control field | ##L134122 |
| 008 - FIXED-LENGTH DATA ELEMENTS--GENERAL INFORMATION | |
| fixed length control field | 060712n2006 000 0 eng u |
| 035 ## - SYSTEM CONTROL NUMBER | |
| System control number | (Sirsi) u134122 |
| 041 0# - LANGUAGE CODE | |
| Language code of text/sound track or separate title | eng |
| 050 04 - LIBRARY OF CONGRESS CALL NUMBER | |
| Classification number | 690.3 $2 18 |
| 110 2# - MAIN ENTRY--CORPORATE NAME | |
| Corporate name or jurisdiction name as entry element | The Chartered Institute of Building |
| 9 (RLIN) | 2131 |
| 245 04 - TITLE STATEMENT | |
| Title | The cowboy builder |
| Remainder of title | a public perspective |
| -- | survey 2006 |
| 260 ## - PUBLICATION, DISTRIBUTION, ETC. | |
| Place of publication, distribution, etc. | Ascot |
| Name of publisher, distributor, etc. | CIOB |
| Date of publication, distribution, etc. | 2006 |
| 520 ## - SUMMARY, ETC. | |
| Summary, etc. | Reports the results of a survey of homeowners who had had building work carried out on their homes within the last three years on their experiences with the builder during the work. The vast majority of respondents were either satisfied or extremely satisfied with the work carried out. Most of the respondents had followed recommended procedures for choosing and working with a builder, such as avoiding cold callers, obtaining a quote or estimate beforehand, and ensuring a warranty or guarantee was issued for the work. The CIOB urges the use of written contracts, such as JCT or small works contract, as a further step towards eliminating cowboy builders. |
| 590 ## - LOCAL NOTE (RLIN) | |
| Local note | IKA180706 NTK |
| 651 #4 - SUBJECT ADDED ENTRY--GEOGRAPHIC NAME | |
| Geographic name | United Kingdom |
| Chronological subdivision | |
| 690 ## - LOCAL SUBJECT ADDED ENTRY--TOPICAL TERM (OCLC, RLIN) | |
| Topical term or geographic name as entry element | MANAGEMENT-QUALITY MANAGEMENT-QUALITY ASSURANCE |
| 856 41 - ELECTRONIC LOCATION AND ACCESS | |
| Uniform Resource Identifier | <a href="https://www.ciob.org.uk/resources/publications">https://www.ciob.org.uk/resources/publications</a> |
| Public note | View the item free of charge at www.ciob.org.uk... |
| 942 ## - ADDED ENTRY ELEMENTS (KOHA) | |
| Suppress in OPAC | 0 |
| Withdrawn status | Lost status | Source of classification or shelving scheme | Damaged status | Not for loan | Home library | Current library | Shelving location | Date acquired | Total Checkouts | Full call number | Barcode | Date last seen | Copy number | Price effective from | Koha item type |
|---|---|---|---|---|---|---|---|---|---|---|---|---|---|---|---|
| Dewey Decimal Classification | Virtual | Virtual | Online | 12/07/2006 | ONLINE PUBLICATION | 134122-1001 | 06/08/2019 | 1 | 06/08/2019 | Book |